| 000 | 01421nam a2200337 i 4500 | ||
|---|---|---|---|
| 001 | 000043970 | ||
| 003 | DO-SdBNP | ||
| 005 | 20240613102051.0 | ||
| 007 | ta | ||
| 008 | 140512s2014 dr a 000 0 spa d | ||
| 020 | _a9789945586077 | ||
| 040 |
_aDO-SdBNP _bspa _cBNPHU _erda |
||
| 082 |
_bA473 _222 |
||
| 100 |
_aAlvarez Léal, Francisco _957795 _eautor |
||
| 245 | 1 | 3 |
_aLa República Dominicana [1988] : _bterritorio, clima, agricultura, industria, comercio, inmigración y Anuario estadístico / _cFrancisco Álvarez Leal ; traductor Manuel García Cartagena ; presentación Bernardo Vega ; introducción Jaime de Jesús Domínguez ; edición Jesús Navarro, Rosario Flores Paz. |
| 264 | 1 |
_aSanto Domingo : _bAcademia Dominicana de la Historia, _bArchivo General de la Nación, _c2014. |
|
| 300 |
_a125 páginas _c22 cm. |
||
| 336 |
_2rdacontent _atexto _btxt |
||
| 337 |
_2rdamedia _asin mediación _bn |
||
| 338 |
_2rdacarrier _avolumen _bnc |
||
| 490 | 1 |
_aAcademia Dominicana de la Historia _v114 |
|
| 490 | 1 |
_aArchivo General de la Nación _v214 |
|
| 590 | _aInventariado, 2024/ YL | ||
| 700 | 1 | 2 |
_aNavarro, Jesús _eedición _971918 |
| 700 | 1 | 2 |
_aFlores Paz, Rosario _eedición _965366 |
| 700 | 1 | 2 |
_aGarcía Cartagena, Manuel _etraducción _912067 |
| 700 | 1 | 2 |
_aVega, Bernardo _epresentación _985109 |
| 700 | 1 | 2 |
_aJesús Domínguez, Jaime de _eintroducción _985654 |
| 910 | _aYLockward | ||
| 942 |
_2ddc _cLBS1 |
||
| 999 |
_c43459 _d43459 |
||